Sports Quiz

Random Sports Quiz

FCS (Division I-AA) Schools Quiz Stats

 Plays Quiz not verified by Sporcle

Challenge
Share
Tweet
Embed
Score 0/125 Timer 15:00
0 Plays Today
Conference School % Correct
IvyHarvard
97.5%
IvyYale
96.8%
IvyBrown
95.9%
IvyPrinceton
95%
Big SkyMontana
94.6%
IvyDartmouth
94%
IvyCornell
92.7%
IvyColumbia
92.4%
IvyPenn
92.4%
SWACSouthern
90.9%
Big SkyMontana State
89%
Great WestNorth Dakota
88.3%
Great WestSouth Dakota
87.7%
Big SkyIdaho State
86.1%
Missouri ValleyNorth Dakota State
86.1%
ColonialNew Hampshire
85.8%
ColonialVillanova
85.5%
ColonialDelaware
85.2%
ColonialMaine
84.9%
SWACGrambling State
84.2%
Missouri ValleySouth Dakota State
83.6%
PioneerJacksonville
83.6%
Missouri ValleySouthern Illinois
82%
Missouri ValleyNorthern Iowa
80.4%
ColonialRhode Island
79.8%
PatriotGeorgetown
79.8%
Big SkyEastern Washington
79.5%
ColonialRichmond
79.5%
Missouri ValleyIndiana State
79.5%
MEACFlorida A&M
78.9%
Missouri ValleyMissouri State
78.9%
Big SkyNorthern Arizona
78.2%
ColonialMassachusetts
78.2%
Big SkyPortland State
77.9%
PatriotLehigh
77.6%
SWACAlabama State
77.6%
MEACDelaware State
77.3%
SouthernGeorgia Southern
77.3%
SWACAlabama A&M
76.3%
MEACSouth Carolina State
75.4%
NortheastAlbany
75.4%
Ohio ValleyJacksonville State
75.1%
Conference School % Correct
Ohio ValleyTennessee State
75.1%
ColonialWilliam & Mary
74.4%
Ohio ValleyEastern Illinois
74.4%
ColonialJames Madison
74.1%
Missouri ValleyIllinois State
74.1%
Missouri ValleyYoungstown State
73.8%
Ohio ValleyEastern Kentucky
73.2%
Big SkyNorthern Colorado
72.9%
Missouri ValleyWestern Illinois
72.9%
Ohio ValleyTennessee Tech
72.9%
SouthernAppalachian State
71.9%
SouthlandTexas State
71.9%
PioneerSan Diego
71.3%
Great WestCal Poly
70.3%
MEACNC A&T
70.3%
PioneerButler
70.3%
Big SouthVMI
70%
PatriotBucknell
70%
PatriotLafayette
70%
SouthernCitadel
70%
Big SouthCoastal Carolina
69.7%
SWACMississippi Valley State
69.7%
PioneerDayton
69.4%
Big SkyWeber State
69.1%
PatriotHoly Cross
68.8%
SouthernFurman
68.8%
SouthernWofford
68.8%
Great WestUC Davis
68.5%
NortheastCentral Connecticut State
68.5%
PatriotColgate
68.1%
Big SkySacramento State
67.8%
SouthernElon
67.5%
SouthernChattanooga
67.2%
PioneerDavidson
66.6%
ColonialTowson
66.2%
MEACBethune-Cookman
66.2%
SWACJackson State
66.2%
MEACHampton
65.9%
SouthernWestern Carolina
65.6%
Big SouthCharleston Southern
65.3%
Great WestSouthern Utah
65.3%
PioneerDrake
65.3%
Conference School % Correct
SouthlandSam Houston State
65%
Big SouthStony Brook
64.4%
SouthlandStephen F. Austin
64.4%
Big SouthLiberty
64%
Ohio ValleyAustin Peay
64%
PatriotFordham
63.7%
SWACAlcorn State
63.7%
ColonialNortheastern
63.4%
ColonialHofstra
62.8%
IndependentOld Dominion
61.8%
Ohio ValleyTennessee-Martin
61.2%
SWACTexas Southern
61.2%
Ohio ValleyMurray State
60.9%
SouthlandMcNeese State
60.6%
NortheastDuquesne
59.9%
MEACNorfolk State
59.3%
SWACArkansas-Pine Bluff
59.3%
IndependentSavannah State
58.7%
NortheastRobert Morris
58%
Ohio ValleySoutheast Missouri State
57.7%
SouthernSamford
57.4%
NortheastSt. Francis (PA)
56.5%
SouthlandCentral Arkansas
56.2%
MEACHoward
56.2%
PioneerMorehead State
55.8%
MEACMorgan State
55.2%
NortheastMonmouth
55.2%
PioneerValparaiso
55.2%
SouthlandSoutheastern Louisiana
54.9%
IndependentNC Central
54.3%
PioneerMarist
54.3%
SouthlandNorthwestern State
53.9%
PioneerCampbell
53.6%
SWACPrairie View A&M
53.6%
Big SouthPresbyterian
52.1%
NortheastWagner
52.1%
SouthlandNicholls State
50.2%
Big SouthGardner-Webb
49.8%
NortheastSacred Heart
49.2%
NortheastBryant
48.3%
IndependentWinston-Salem
41.6%

You're not logged in!

Compare scores with friends on all Sporcle quizzes.
Join for Free
OR
Log In

You Might Also Like...

Show Comments

Extras

Top Quizzes Today


Score Distribution

Your Account Isn't Verified!

In order to create a playlist on Sporcle, you need to verify the email address you used during registration. Go to your Sporcle Settings to finish the process.

Report this User

Report this user for behavior that violates our Community Guidelines.

Details: